| 000 | 00415nam a2200157Ia 4500 | ||
|---|---|---|---|
| 003 | GCL | ||
| 008 | 140319s9999 xx 000 0 eng d | ||
| 040 |
_aGCL / _cGCL |
||
| 082 | 0 | 4 |
_a341.2 _bA I |
| 245 | 1 | 0 | _aINTERNATIONAL ORGANGIZATIONS 2nd ed |
| 260 |
_a[S.N] : _bMACMILLAN PUBLISHING COMPANY ، _c1992 |
||
| 300 | _a205 P | ||
| 650 | 0 | 4 | _aINTERNATIONAL ORGANIZATION |
| 650 | 0 | 4 | _aORGANIZATIONS |
| 942 |
_2ddc _cBK |
||
| 999 |
_c17781 _d17781 |
||